Представление документа в формате RUSMARC

ПолеНазваниеЗначение
  Тип записи a
  Библиографический уровень m
001 Контрольный номер 00d976c00c2e497291b63831db9b42f3
005 Дата корректировки 20140527112410.4
010 Индекс ISBN __
a ISBN 978-5-469-00776-0
101 Язык документа 0_
a Язык текста rus
102 Страна публикации __
a Страна публикации RU
200 Заглавие и сведения об ответственности 1_
a Заглавие Баланс для начинающих. Уникальный подход к изучению основ бухгалтерского учета
f Первые сведения об ответственности Т. Н. Беликова
210 Выходные данные 1_
c Издательство Рид Групп
a Место издания М.
d Дата издания 2011
215 Физическое описание __
a Объем 187, [1] с .
225 Серия 2_
a Серия Курс для начинающих
610 Ключевые слова 0_
a Ключевые слова бухгалтерский учет
610 Ключевые слова 0_
a Ключевые слова отчетность
610 Ключевые слова 0_
a Ключевые слова баланс
610 Ключевые слова 0_
a Ключевые слова производство
610 Ключевые слова 0_
a Ключевые слова основные средства
610 Ключевые слова 0_
a Ключевые слова нематериальные активы
610 Ключевые слова 0_
a Ключевые слова оборотные активы
686 Индексы других классификаций __
a Классификационный индекс 65.052.9(2)206
2 Код системы rubbk
700 Автор _1
a Фамилия Беликова
b Имя Т. Н.
g Полное личное имя Тамара Николаевна
801 Источник записи _0
a Страна RU
b Организация РУК
c Дата составления 20111128
g Правила каталогизации PSBO
801 Источник записи _1
a Страна RU
b Организация РУК
c Дата составления 20111128
g Правила каталогизации PSBO
852 Данные о местонахождении __
j Шифр хранения ББК 65.052
i Авторский знак Б 43
901 Тип документа __
t Тип документа m
938 Служебная информация __
a Название организации Головной вуз
b Имя БД BOOK
c Название АИБС АИБС ИРБИС